LEADER 01071nam a2200265 i 4500 001 000000155747 003 CaOOAMICUS 005 20061120000000.0 008 061120s1964 it u000 u ita u 013 $a133101 040 $aSeMil$bita 100 1 $aMenéndez Pidal, Ramón.$0(OLS)http://semarc/name/60891 240 13$aLa España del Cid.$0(OLS)http://semarc/title/228155 245 13$aLa Spagna del Cid /$cRamón Menéndez Pidal ; traduzione di Giovanni Caravaggi. 260 $aMilano ; Napoli :$bRiccardo Ricciardi,$c1964. 300 $aXXVII, 646 p. ;$c23 cm. 500 $aFondo Ciprandi. 650 4$aSpagna - Storia - Sec. 11.$0(OLS)http://semarc/subject/30469 700 1 $aCaravaggi, Giovanni.$0(OLS)http://semarc/name/59652 850 $aSeMil 852 $aSeMil$W1$xVenegono$y1$m1U IV 2$j107575$B107575$CSeMilBibl$Z2$F117097 $81 941 1 $a1 961 $aOmaggio: Ciprandi dott. Paolo 996 $6245$aLa Spagna del Cid$9(OLS)http://semarc/title/228154 996 $6260$aMilano ; Napoli :$bRiccardo Ricciardi$9(OLS)http://semarc/publisher/34184 LEADER 01445nam a2200301 i 4500 001 000000168743 003 CaOOAMICUS 005 20080124000000.0 008 080124s2006 sp u000 u spa u 013 $a146145 020 $a84-96135-15-2 040 $aSeMil$bita 245 10$aCatálogo del Archivio del monasterio Santo Domingo de Silos /$cMiguel C. Vivancos, O.S.B. 260 $aSanto Domingo de Silos :$bAbadía de Silos,$c2006. 260 $a[Valladolid] :$bJunta de Castilla y Leon,$c2006. 300 $a453 p. :$b[6] p. di tav., ill. ;$c24 cm. 490 0 $aStudia Silensia ;$v29. 500 $aContiene : Bibliografía (pp. 305-310). 650 4$aSanto Domingo de Silos - Monastero - Archivio.$0(OLS)http://semarc/subject/32197 700 1 $aVivancos Gomez, Miguel C.,$c.$0(OLS)http://semarc/name/23902 830 0$aStudia Silensia [Abadia de Silos] ;$v29.$0(OLS)http://semarc/title/369 850 $aSeMil 852 $aSeMil$W1$xVenegono$y1$m3C III 29$j119763$B119763$CSeMilBibl$Z2$F130825 $81 961 $aCambio: Scuola Cattolica 996 $6020$a84-96135-15-2$9(OLS)http://semarc/number/155565 996 $6245$aCatálogo del Archivio del monasterio Santo Domingo de Silos$9(OLS)http://semarc/title/241404 996 $6260$a[Valladolid] :$bJunta de Castilla y Leon$9(OLS)http://semarc/publisher/48794 996 $6260$aSanto Domingo de Silos :$bAbadía de Silos$9(OLS)http://semarc/publisher/29723